काशी के सिद्द संत / (Record no. 39681)
[ view plain ]
| 000 -LEADER | |
|---|---|
| fixed length control field | 01399nam a22002417a 4500 |
| 005 - DATE AND TIME OF LATEST TRANSACTION | |
| control field | 20100806120022.0 |
| 010 ## - LCCN (DPL NO) | |
| LC control number | HIN-90018 |
| 020 ## - INTERNATIONAL STANDARD BOOK NUMBER | |
| Terms of availability | 100.00 |
| International Standard Book Number | 8186101357 |
| 020 ## - INTERNATIONAL STANDARD BOOK NUMBER | |
| Terms of availability | 80.00 |
| International Standard Book Number | 9788177099003 |
| 035 ## - SYSTEM CONTROL NUMBER | |
| System control number | HN-62364 |
| 037 ## - SOURCE OF ACQUISITION | |
| Source of stock number/acquisition | DBAD / PUB |
| 082 ## - DEWEY DECIMAL CLASSIFICATION NUMBER | |
| Classification number | 821.8 |
| 100 ## - MAIN ENTRY--PERSONAL NAME | |
| Personal name | मिश्र, सालिकराम |
| 245 ## - TITLE STATEMENT | |
| Title | काशी के सिद्द संत / |
| Statement of responsibility, etc | सालिकराम मिश्र;शिवशंकर मिश्र एंव संतोष कुमार द्विवेदी द्वारा संपादित |
| 246 ## - VARYING FORM OF TITLE | |
| Title proper/short title | Kashi Ke Sidha Sant |
| Remainder of title | by Salikram Mishra;Edited by Shivshankar Mishra And Santosh Kamar Divedi |
| 260 ## - PUBLICATION, DISTRIBUTION, ETC. (IMPRINT) | |
| Place of publication, distribution, etc | वाराणसी (उ.प्र.) |
| Name of publisher, distributor, etc | किशोर विद्या निकेतन |
| Date of publication, distribution, etc | 2010 |
| 270 ## - ADDRESS | |
| Address | बी/236-ए, भदैनी |
| City | वाराणसी (उ.प्र.) |
| Postal code | 221001 |
| Telephone number | 0542-2314392 |
| Electronic mail address | kishorwin@yahoo.com |
| 300 ## - PHYSICAL DESCRIPTION | |
| Extent | 140पृ |
| Dimensions | 22सेमी (अजिल्द) |
| 700 ## - ADDED ENTRY--PERSONAL NAME | |
| 9 (RLIN) | 7228 |
| Personal name | मिश्र, शिवशंकर |
| 700 ## - ADDED ENTRY--PERSONAL NAME | |
| 9 (RLIN) | 7267 |
| Personal name | द्विवेदी, संतोष कुमार |
| 942 ## - ADDED ENTRY ELEMENTS (KOHA) | |
| Institution code [OBSOLETE] | dpl |
| Item type | Hindi Books |
| Call number prefix | |
| Source of classification or shelving scheme | Dewey Decimal Classification |
| Call number suffix | मिश्रसा |
| Classification part | 821.8 |
| Withdrawn status | Lost status | Not for loan | Collection code | Home library | Current library | Date acquired | Source of acquisition | Cost, normal purchase price | Full call number | Barcode | Copy number | Cost, replacement price | Koha item type |
|---|---|---|---|---|---|---|---|---|---|---|---|---|---|
| Not For Loan | Non-fiction | D.B.Act.Division | D.B.Act.Division | 06/08/2010 | DBAD/PUB | 100.00 | 821.8 मिश्रसा | HN-62364 | 1 | 100.00 | Hindi Books |
